「全予測」1990年の日本経済

Guardat en:
Dades bibliogràfiques
Autor principal: 大和総研(だいわ そうけん)
Format: Llibre
Idioma:Undetermined
Publicat: 東京 PHP研究所 1989
Matèries:
Etiquetes: Afegir etiqueta
Sense etiquetes, Sigues el primer a etiquetar aquest registre!
Thư viện lưu trữ: Trung tâm Học liệu Trường Đại học Cần Thơ
LEADER 00566nam a2200193Ia 4500
001 CTU_83238
008 210402s9999 xx 000 0 und d
082 |a 330.952 
082 |b D134 
100 |a 大和総研(だいわ そうけん) 
245 0 |a 「全予測」1990年の日本経済 
245 0 |c 大和総研,宮崎勇,WEFAグループ 
260 |a 東京 
260 |b PHP研究所 
260 |c 1989 
650 |a Japan 
650 |x Economic Conditions 
904 |i Ngoc, QHieu 
980 |a Trung tâm Học liệu Trường Đại học Cần Thơ